[Event "Turniej Blitza na II Lidze Juniorów 2018"]
[Site "Szczyrk, Poland"]
[Date "2018.07.26"]
[Round "3.18"]
[White "Jaworski, Tymon"]
[Black "Trybus, Daniel"]
[Result "0-1"]
[TimeControl "3'+2\""]
[WhiteElo "1383"]
[BlackElo "1837"]

1. e4 {[%clk 00:03:02]} {[%emt 00:06:41]} Nf6 {[%clk 00:03:04]} {[%emt
00:00:01]} 2. Nc3 {[%clk 00:03:03]} {[%emt 00:00:01]} d5 {[%clk 00:03:05]} 3.
exd5 {[%clk 00:03:04]} {[%emt 00:00:02]} Nxd5 {[%clk 00:03:06]} {[%emt
00:00:01]} 4. Bc4 {[%clk 00:03:02]} {[%emt 00:00:04]} Nb6 {[%clk 00:03:05]}
{[%emt 00:00:02]} 5. Bb3 {[%clk 00:03:02]} {[%emt 00:00:02]} Bf5 {[%clk
00:03:06]} {[%emt 00:00:01]} 6. Qf3 {[%clk 00:02:57]} {[%emt 00:00:07]} Qc8
{[%clk 00:03:07]} {[%emt 00:00:01]} 7. g4 {[%clk 00:02:56]} {[%emt 00:00:04]}
Bg6 {[%clk 00:02:48]} {[%emt 00:00:20]} 8. h4 {[%clk 00:02:45]} {[%emt
00:00:13]} h5 {[%clk 00:02:49]} 9. g5 {[%clk 00:02:39]} {[%emt 00:00:07]} Nc6
{[%clk 00:02:49]} {[%emt 00:00:03]} 10. Nge2 {[%clk 00:02:34]} {[%emt
00:00:07]} e5 {[%clk 00:02:41]} {[%emt 00:00:10]} 11. d3 {[%clk 00:02:22]}
{[%emt 00:00:13]} Qd7 {[%clk 00:02:33]} {[%emt 00:00:12]} 12. Be3 {[%clk
00:02:09]} {[%emt 00:00:14]} O-O-O {[%clk 00:02:30]} {[%emt 00:00:05]} 13.
O-O-O {[%clk 00:02:07]} {[%emt 00:00:04]} Nd4 {[%clk 00:02:27]} {[%emt
00:00:06]} 14. Bxd4 {[%clk 00:01:57]} {[%emt 00:00:12]} exd4 {[%clk 00:02:27]}
{[%emt 00:00:01]} 15. Ne4 {[%clk 00:01:35]} {[%emt 00:00:23]} Kb8 {[%clk
00:02:25]} {[%emt 00:00:05]} 16. Nf4 {[%clk 00:01:29]} {[%emt 00:00:08]} Bf5
{[%clk 00:02:25]} {[%emt 00:00:02]} 17. Rde1 {[%clk 00:01:16]} {[%emt
00:00:15]} a5 {[%clk 00:02:23]} {[%emt 00:00:04]} 18. a3 {[%clk 00:01:14]}
{[%emt 00:00:03]} Bg4 {[%clk 00:02:19]} {[%emt 00:00:06]} 19. Qg3 {[%clk
00:01:10]} {[%emt 00:00:05]} Qc6 {[%clk 00:02:07]} {[%emt 00:00:15]} 20. f3
{[%clk 00:01:08]} {[%emt 00:00:06]} Bc8 {[%clk 00:02:03]} {[%emt 00:00:05]} 21.
Bxf7 {[%clk 00:01:02]} {[%emt 00:00:08]} Qa4 {[%clk 00:01:52]} {[%emt
00:00:13]} 22. Bb3 {[%clk 00:00:32]} {[%emt 00:00:32]} Qc6 {[%clk 00:01:50]}
{[%emt 00:00:04]} 23. Re2 {[%clk 00:00:28]} {[%emt 00:00:06]} Bf5 {[%clk
00:01:37]} {[%emt 00:00:15]} 24. Rhe1 {[%clk 00:00:26]} {[%emt 00:00:04]} a4
{[%clk 00:01:09]} {[%emt 00:00:30]} 25. Ba2 {[%clk 00:00:20]} {[%emt 00:00:06]}
Nd7 {[%clk 00:01:04]} {[%emt 00:00:09]} 26. Bd5 {[%clk 00:00:11]} {[%emt
00:00:11]} Qb6 {[%clk 00:01:02]} {[%emt 00:00:04]} 27. Nd2 {[%clk 00:00:05]}
{[%emt 00:00:08]} Bd6 {[%clk 00:01:01]} {[%emt 00:00:03]} 28. Be4 {[%clk
00:00:03]} {[%emt 00:00:04]} Rhf8 {[%clk 00:01:00]} {[%emt 00:00:03]} 29. Bxf5
{[%clk 00:00:00]} {[%emt 00:00:06]} Rxf5 {[%clk 00:01:00]} 30. Ne6 {[%clk
00:00:00]} Bxg3 {[%clk 00:01:00]} {[%emt 00:00:04]} 31. Nxd8 {[%clk 00:00:00]}
{[%emt 00:00:02]} Bxe1 {[%clk 00:01:00]} {[%emt 00:00:02]} 32. Rxe1 {[%clk
00:00:00]} {[%emt 00:00:02]} Ka7 {[%clk 00:01:00]} {[%emt 00:00:04]} 33. Nc4
{[%clk 00:00:00]} Qc5 {[%clk 00:01:00]} {[%emt 00:00:01]} 34. Ne6 {[%clk
00:00:00]} {[%emt 00:00:03]} 0-1

[Event "Turniej Blitza na II Lidze Juniorów 2018"]
[Site "Szczyrk, Poland"]
[Date "2018.07.26"]
[Round "3.31"]
[White "Kupczak, Antoni"]
[Black "Nowacka, Dorota"]
[Result "0-1"]
[TimeControl "3'+2\""]
[WhiteElo "1566"]
[BlackElo "1322"]

1. d4 {[%clk 00:02:59]} {[%emt 00:00:05]} Nf6 {[%clk 00:03:01]} {[%emt
00:00:03]} 2. Bg5 {[%clk 00:02:58]} {[%emt 00:00:03]} d6 {[%clk 00:02:56]}
{[%emt 00:00:06]} 3. Bxf6 {[%clk 00:02:59]} {[%emt 00:00:02]} gxf6 {[%clk
00:02:57]} 4. e4 {[%clk 00:03:00]} {[%emt 00:00:01]} e5 {[%clk 00:02:57]}
{[%emt 00:00:02]} 5. d5 {[%clk 00:03:01]} {[%emt 00:00:01]} h5 {[%clk
00:02:56]} {[%emt 00:00:03]} 6. h4 {[%clk 00:02:56]} {[%emt 00:00:07]} Bh6
{[%clk 00:02:53]} {[%emt 00:00:04]} 7. Bb5+ {[%clk 00:02:46]} {[%emt 00:00:13]}
c6 {[%clk 00:02:48]} {[%emt 00:00:07]} 8. dxc6 {[%clk 00:02:44]} {[%emt
00:00:05]} bxc6 {[%clk 00:02:45]} {[%emt 00:00:04]} 9. Be2 {[%clk 00:02:39]}
{[%emt 00:00:07]} Qb6 {[%clk 00:02:25]} {[%emt 00:00:22]} 10. b3 {[%clk
00:02:08]} {[%emt 00:00:33]} Na6 {[%clk 00:02:18]} {[%emt 00:00:08]} 11. Bxh5
{[%clk 00:01:49]} {[%emt 00:00:16]} Nc5 {[%clk 00:02:16]} {[%emt 00:00:09]} 12.
f3 {[%clk 00:01:39]} {[%emt 00:00:13]} Ke7 {[%clk 00:02:09]} {[%emt 00:00:09]}
13. Ne2 {[%clk 00:01:33]} {[%emt 00:00:08]} f5 {[%emt 00:00:03]} 14. Nbc3
{[%clk 00:01:16]} {[%emt 00:00:18]} fxe4 {[%clk 00:01:56]} {[%emt 00:00:15]} 15.
Nxe4 {[%clk 00:01:01]} {[%emt 00:00:18]} Nxe4 {[%clk 00:01:55]} {[%emt
00:00:02]} 16. fxe4 {[%clk 00:00:56]} {[%emt 00:00:07]} Qb4+ {[%clk 00:01:55]}
{[%emt 00:00:02]} 17. c3 {[%clk 00:00:48]} {[%emt 00:00:10]} Qxe4 {[%clk
00:01:54]} {[%emt 00:00:02]} 18. Bf3 {[%clk 00:00:44]} {[%emt 00:00:07]} Qe3
{[%clk 00:01:39]} {[%emt 00:00:16]} 19. Rh3 {[%clk 00:00:30]} {[%emt 00:00:17]}
Bxh3 {[%clk 00:01:30]} {[%emt 00:00:11]} 20. Bxc6 {[%clk 00:00:21]} {[%emt
00:00:11]} Rac8 {[%clk 00:01:28]} {[%emt 00:00:04]} 0-1

[Event "Turniej Blitza na II Lidze Juniorów 2018"]
[Site "Szczyrk, Poland"]
[Date "2018.07.26"]
[Round "3.37"]
[White "Pancewicz, Szymon"]
[Black "Kupiecki, Szymon"]
[Result "0-1"]
[TimeControl "3'+2\""]
[WhiteElo "1258"]
[BlackElo "1519"]

1. e4 {[%clk 00:03:02]} {[%emt 00:08:20]} e5 {[%clk 00:03:02]} {[%emt
00:00:02]} 2. Nf3 {[%clk 00:03:02]} {[%emt 00:00:06]} Nc6 {[%clk 00:03:04]} 3.
Bc4 {[%clk 00:03:02]} {[%emt 00:00:01]} Bc5 {[%clk 00:03:04]} {[%emt 00:00:02]}
4. c3 {[%clk 00:03:03]} Nf6 {[%clk 00:03:04]} {[%emt 00:00:02]} 5. d4 {[%clk
00:03:03]} {[%emt 00:00:02]} exd4 {[%clk 00:03:04]} {[%emt 00:00:02]} 6. e5
{[%clk 00:03:04]} {[%emt 00:00:01]} d5 {[%clk 00:02:34]} {[%emt 00:00:32]} 7.
Bb5 {[%clk 00:03:05]} {[%emt 00:00:01]} Ne4 {[%clk 00:02:35]} {[%emt 00:00:01]}
8. cxd4 {[%clk 00:03:05]} {[%emt 00:00:02]} Bb4+ {[%clk 00:02:33]} {[%emt
00:00:03]} 9. Bd2 {[%clk 00:03:06]} {[%emt 00:00:02]} Nxd2 {[%clk 00:02:30]}
{[%emt 00:00:05]} 10. Nbxd2 {[%clk 00:03:07]} {[%emt 00:00:02]} O-O {[%clk
00:02:27]} {[%emt 00:00:05]} 11. O-O {[%clk 00:03:05]} {[%emt 00:00:03]} Bg4
{[%clk 00:02:27]} {[%emt 00:00:02]} 12. Bxc6 {[%clk 00:02:49]} {[%emt
00:00:19]} bxc6 {[%clk 00:02:27]} 13. Qc2 {[%clk 00:02:49]} {[%emt 00:00:02]}
Rb8 {[%clk 00:02:18]} {[%emt 00:00:12]} 14. b3 {[%clk 00:02:41]} {[%emt
00:00:09]} Bd7 {[%clk 00:01:59]} {[%emt 00:00:22]} 15. a3 {[%emt 00:00:09]} Ba5
{[%clk 00:01:57]} {[%emt 00:00:03]} 16. b4 {[%clk 00:02:35]} {[%emt 00:00:02]}
Bb6 {[%clk 00:01:58]} 17. Nb3 {[%clk 00:02:35]} {[%emt 00:00:01]} f6 {[%clk
00:01:47]} {[%emt 00:00:13]} 18. exf6 Qxf6 {[%clk 00:01:45]} 19. Nc5 {[%clk
00:02:24]} {[%emt 00:00:06]} Bxc5 {[%clk 00:01:24]} {[%emt 00:00:23]} 20. Qxc5
{[%clk 00:02:25]} {[%emt 00:00:01]} Qg6 {[%clk 00:01:14]} {[%emt 00:00:12]} 21.
Ne5 {[%clk 00:02:20]} {[%emt 00:00:07]} Qe6 {[%clk 00:01:12]} {[%emt 00:00:04]}
22. Rac1 {[%clk 00:02:19]} {[%emt 00:00:04]} Rb6 {[%clk 00:00:56]} {[%emt
00:00:17]} 23. Rfe1 {[%clk 00:02:15]} {[%emt 00:00:06]} Qf5 {[%clk 00:00:44]}
{[%emt 00:00:15]} 24. Re2 {[%clk 00:02:06]} {[%emt 00:00:10]} Be8 {[%clk
00:00:41]} {[%emt 00:00:05]} 25. Qe7 {[%clk 00:01:59]} {[%emt 00:00:08]} Bh5
{[%clk 00:00:22]} {[%emt 00:00:21]} 26. Rec2 {[%clk 00:01:50]} {[%emt
00:00:11]} Ra6 {[%clk 00:00:19]} {[%emt 00:00:06]} 27. Ra1 {[%clk 00:01:37]}
{[%emt 00:00:13]} Qxc2 {[%clk 00:00:15]} {[%emt 00:00:09]} 28. Qxc7 {[%clk
00:01:27]} {[%emt 00:00:12]} Qxf2+ {[%clk 00:00:14]} {[%emt 00:00:02]} 29. Kh1
{[%clk 00:01:27]} {[%emt 00:00:02]} Qf1+ {[%clk 00:00:15]} {[%emt 00:00:01]}
0-1

[Event "Turniej Blitza na II Lidze Juniorów 2018"]
[Site "Szczyrk, Poland"]
[Date "2018.07.26"]
[Round "3.10"]
[White "Pniaczek, Marek"]
[Black "Krzyzosiak, Anna"]
[Result "1-0"]
[TimeControl "3'+2\""]
[WhiteTitle "CM"]
[WhiteElo "1995"]
[BlackElo "1596"]

1. e4 {[%emt 00:00:36]} e5 {[%emt 00:00:01]} 2. Nf3 Nc6 {[%emt 00:00:01]} 3.
Bc4 Nf6 {[%emt 00:00:01]} 4. d3 {[%emt 00:00:04]} Bc5 {[%emt 00:00:01]} 5. O-O
{[%emt 00:00:02]} d6 {[%emt 00:00:01]} 6. c3 O-O {[%emt 00:00:02]} 7. Bb3 Be6
{[%emt 00:00:03]} 8. Bc2 {[%emt 00:00:02]} h6 {[%emt 00:00:02]} 9. d4 {[%emt
00:00:03]} exd4 {[%emt 00:00:04]} 10. cxd4 {[%emt 00:00:01]} Bc4 {[%emt
00:00:02]} 11. dxc5 {[%emt 00:00:06]} Bxf1 {[%emt 00:00:02]} 12. Qxf1 {[%emt
00:00:07]} dxc5 {[%emt 00:00:02]} 13. Nc3 Re8 {[%emt 00:00:04]} 14. Bf4 {[%emt
00:00:02]} Nd4 {[%emt 00:00:05]} 15. Qd3 {[%emt 00:00:24]} Nxc2 {[%emt
00:00:06]} 16. Qxc2 {[%emt 00:00:01]} Qe7 {[%emt 00:00:07]} 17. e5 {[%emt
00:00:08]} Nd7 {[%emt 00:00:19]} 18. Nd5 {[%emt 00:00:03]} Qd8 {[%emt
00:00:06]} 19. e6 {[%emt 00:00:01]} fxe6 {[%emt 00:00:06]} 20. Nxc7 {[%emt
00:00:02]} Qf6 {[%emt 00:00:10]} 21. Nxe8 {[%emt 00:00:05]} Qxf4 {[%emt
00:00:03]} 22. Qg6 {[%emt 00:00:09]} Qf7 {[%emt 00:00:20]} 23. Qxf7+ {[%emt
00:00:04]} Kxf7 {[%emt 00:00:01]} 24. Nd6+ {[%emt 00:00:02]} Kg8 {[%emt
00:00:01]} 25. Re1 {[%emt 00:00:04]} e5 {[%emt 00:00:07]} 26. Nxe5 {[%emt
00:00:02]} Nxe5 {[%emt 00:00:01]} 27. Rxe5 Rd8 {[%emt 00:00:04]} 28. Re6 {[%emt
00:00:02]} Kf8 {[%emt 00:00:10]} 29. Kf1 {[%emt 00:00:01]} b6 {[%emt 00:00:07]}
30. Ke2 {[%emt 00:00:01]} Rd7 {[%emt 00:00:03]} 31. Re8# {[%emt 00:00:01]} 1-0

[Event "Turniej Blitza na II Lidze Juniorów 2018"]
[Site "Szczyrk, Poland"]
[Date "2018.07.26"]
[Round "3.16"]
[White "Ciasnocha, Michal"]
[Black "Krasiewicz, Robert"]
[Result "1-0"]
[TimeControl "3'+2\""]
[WhiteElo "1396"]
[BlackElo "1842"]

1. d4 {[%clk 00:03:03]} f5 {[%clk 00:03:03]} {[%emt 00:00:01]} 2. c4 {[%clk
00:03:04]} {[%emt 00:00:02]} Nf6 {[%clk 00:03:05]} 3. Nc3 {[%clk 00:03:05]}
{[%emt 00:00:01]} d6 {[%clk 00:03:06]} {[%emt 00:00:01]} 4. g3 {[%clk
00:03:06]} g6 {[%clk 00:03:07]} 5. Bg2 {[%clk 00:03:07]} {[%emt 00:00:01]} Bg7
{[%clk 00:03:08]} 6. Nf3 {[%clk 00:03:08]} O-O {[%clk 00:03:09]} {[%emt
00:00:02]} 7. O-O {[%clk 00:03:07]} {[%emt 00:00:02]} Qe8 {[%clk 00:03:09]}
{[%emt 00:00:01]} 8. d5 {[%clk 00:03:09]} a5 {[%clk 00:03:10]} {[%emt
00:00:02]} 9. Re1 {[%clk 00:03:08]} {[%emt 00:00:03]} Na6 {[%clk 00:02:55]}
{[%emt 00:00:16]} 10. e4 {[%clk 00:03:08]} {[%emt 00:00:03]} fxe4 11. Nxe4
{[%clk 00:03:08]} Nxe4 {[%clk 00:02:55]} {[%emt 00:00:01]} 12. Rxe4 {[%clk
00:03:10]} Bf5 {[%clk 00:02:51]} {[%emt 00:00:07]} 13. Re1 {[%clk 00:03:10]}
{[%emt 00:00:01]} Nb4 {[%clk 00:02:50]} {[%emt 00:00:03]} 14. Nd4 {[%clk
00:02:56]} {[%emt 00:00:17]} Bxd4 {[%clk 00:02:33]} {[%emt 00:00:19]} 15. Qxd4
{[%clk 00:02:56]} {[%emt 00:00:01]} Nc2 {[%clk 00:02:32]} {[%emt 00:00:02]} 16.
Qc3 {[%clk 00:02:54]} {[%emt 00:00:05]} Nxa1 {[%clk 00:02:24]} {[%emt
00:00:10]} 17. Bh6 {[%clk 00:02:56]} {[%emt 00:00:30]} 1-0

[Event "Turniej Blitza na II Lidze Juniorów 2018"]
[Site "Szczyrk, Poland"]
[Date "2018.07.26"]
[Round "3.41"]
[White "Wolak, Julia"]
[Black "Oles, Martin"]
[Result "0-1"]
[TimeControl "3'+2\""]
[WhiteElo "1234"]
[BlackElo "1507"]

1. d4 {[%clk 00:02:59]} {[%emt 00:00:06]} Nf6 {[%clk 00:03:02]} {[%emt
00:00:01]} 2. Nc3 {[%clk 00:02:57]} {[%emt 00:00:05]} g6 {[%clk 00:03:04]}
{[%emt 00:00:01]} 3. Bf4 {[%clk 00:02:57]} {[%emt 00:00:02]} Bg7 {[%clk
00:03:04]} {[%emt 00:00:01]} 4. e3 {[%clk 00:02:58]} {[%emt 00:00:01]} O-O
{[%clk 00:03:00]} {[%emt 00:00:07]} 5. Bd3 {[%clk 00:02:47]} {[%emt 00:00:12]}
d6 {[%clk 00:02:57]} {[%emt 00:00:06]} 6. Nf3 {[%clk 00:02:45]} {[%emt
00:00:04]} Nbd7 {[%clk 00:02:58]} {[%emt 00:00:01]} 7. O-O {[%clk 00:02:43]}
{[%emt 00:00:03]} e6 {[%clk 00:02:57]} {[%emt 00:00:03]} 8. e4 {[%clk
00:02:43]} {[%emt 00:00:03]} Qe7 {[%clk 00:02:58]} 9. Qd2 {[%clk 00:02:43]}
{[%emt 00:00:01]} e5 {[%clk 00:02:58]} {[%emt 00:00:02]} 10. Bh6 {[%clk
00:02:42]} {[%emt 00:00:03]} Ng4 {[%clk 00:02:39]} {[%emt 00:00:21]} 11. Bxg7
{[%clk 00:02:35]} {[%emt 00:00:09]} Kxg7 {[%clk 00:02:39]} {[%emt 00:00:02]} 12.
h3 {[%clk 00:02:33]} {[%emt 00:00:04]} Ngf6 {[%clk 00:02:39]} 13. Rfe1 {[%clk
00:02:23]} {[%emt 00:00:13]} exd4 {[%clk 00:02:33]} {[%emt 00:00:09]} 14. Nxd4
{[%clk 00:02:22]} {[%emt 00:00:03]} Ne5 {[%clk 00:02:28]} {[%emt 00:00:06]} 15.
f4 {[%clk 00:02:18]} {[%emt 00:00:06]} Nxd3 {[%clk 00:02:28]} {[%emt 00:00:03]}
16. cxd3 {[%clk 00:02:17]} {[%emt 00:00:02]} b6 {[%clk 00:02:11]} {[%emt
00:00:20]} 17. Nf3 {[%clk 00:02:10]} {[%emt 00:00:08]} Bb7 {[%clk 00:02:10]}
{[%emt 00:00:03]} 18. e5 {[%clk 00:01:57]} {[%emt 00:00:15]} Nh5 {[%clk
00:01:59]} {[%emt 00:00:13]} 19. Kh2 {[%clk 00:01:28]} {[%emt 00:00:30]} Bxf3
{[%clk 00:01:50]} {[%emt 00:00:12]} 20. gxf3 {[%clk 00:01:27]} {[%emt
00:00:03]} Qh4 {[%clk 00:01:51]} 21. Qg2 {[%clk 00:01:17]} {[%emt 00:00:12]}
Nxf4 {[%clk 00:01:47]} {[%emt 00:00:07]} 22. Qf1 {[%clk 00:00:52]} {[%emt
00:00:26]} dxe5 {[%clk 00:01:34]} {[%emt 00:00:15]} 23. Rxe5 {[%clk 00:00:52]}
{[%emt 00:00:02]} Rae8 {[%clk 00:01:34]} {[%emt 00:00:03]} 24. Re4 {[%clk
00:00:48]} {[%emt 00:00:05]} Rxe4 {[%clk 00:01:32]} {[%emt 00:00:04]} 25. fxe4
{[%clk 00:00:47]} {[%emt 00:00:03]} Rd8 {[%clk 00:01:29]} {[%emt 00:00:05]} 26.
Rd1 {[%clk 00:00:43]} {[%emt 00:00:05]} Nh5 {[%clk 00:01:27]} {[%emt 00:00:05]}
27. Qf3 {[%clk 00:00:37]} {[%emt 00:00:07]} Qf4+ {[%clk 00:01:22]} {[%emt
00:00:08]} 28. Qxf4 {[%clk 00:00:32]} {[%emt 00:00:07]} Nxf4 {[%clk 00:01:23]}
{[%emt 00:00:01]} 29. Kg3 {[%clk 00:00:34]} Nxd3 {[%clk 00:01:17]} {[%emt
00:00:08]} 30. Nd5 {[%clk 00:00:10]} {[%emt 00:00:25]} Nxb2 {[%clk 00:01:14]}
{[%emt 00:00:05]} 31. Rb1 {[%clk 00:00:10]} {[%emt 00:00:02]} Nc4 {[%clk
00:01:08]} {[%emt 00:00:07]} 32. Nxc7 {[%clk 00:00:11]} {[%emt 00:00:03]} Rd4
{[%clk 00:01:04]} {[%emt 00:00:06]} 33. Kf3 {[%clk 00:00:10]} {[%emt 00:00:03]}
Rxe4 {[%clk 00:01:04]} {[%emt 00:00:02]} 34. Rc1 {[%emt 00:00:09]} Nd2+ {[%emt
00:00:03]} 35. Kf2 {[%emt 00:00:02]} Rh4 {[%emt 00:00:03]} 36. Kg3 {[%emt
00:00:02]} 0-1

[Event "Turniej Blitza na II Lidze Juniorów 2018"]
[Site "Szczyrk, Poland"]
[Date "2018.07.26"]
[Round "3.62"]
[White "Taranowicz, Zofia"]
[Black "Bienko, Jagoda"]
[Result "0-1"]
[TimeControl "3'+2\""]
[WhiteElo "1175"]
[BlackElo "1326"]

1. d4 {[%clk 00:03:03]} {[%emt 00:00:01]} d5 {[%clk 00:03:03]} {[%emt
00:00:01]} 2. Nf3 {[%clk 00:03:04]} Nf6 {[%clk 00:03:04]} {[%emt 00:00:01]} 3.
Bf4 {[%clk 00:03:05]} {[%emt 00:00:01]} Bf5 {[%clk 00:03:05]} 4. e3 {[%clk
00:03:06]} {[%emt 00:00:01]} e6 {[%clk 00:03:06]} 5. Bd3 {[%clk 00:03:07]}
{[%emt 00:00:02]} Be4 {[%clk 00:02:59]} {[%emt 00:00:08]} 6. Bxe4 {[%clk
00:03:06]} {[%emt 00:00:03]} Nxe4 {[%clk 00:03:00]} 7. Nbd2 {[%clk 00:03:04]}
{[%emt 00:00:03]} Nf6 {[%clk 00:02:55]} {[%emt 00:00:08]} 8. O-O {[%clk
00:03:00]} {[%emt 00:00:07]} Nc6 {[%clk 00:02:56]} 9. h3 {[%clk 00:02:52]}
{[%emt 00:00:10]} Be7 {[%clk 00:02:57]} 10. Rc1 {[%clk 00:02:53]} {[%emt
00:00:02]} O-O {[%clk 00:02:53]} {[%emt 00:00:07]} 11. c4 {[%clk 00:02:51]}
{[%emt 00:00:03]} Nb4 {[%clk 00:02:52]} {[%emt 00:00:02]} 12. Qb3 {[%clk
00:02:46]} {[%emt 00:00:07]} dxc4 {[%clk 00:02:40]} {[%emt 00:00:15]} 13. Rxc4
{[%clk 00:02:39]} {[%emt 00:00:09]} Nfd5 {[%clk 00:02:36]} {[%emt 00:00:06]} 14.
Bh2 {[%clk 00:02:30]} {[%emt 00:00:11]} Rc8 {[%clk 00:02:25]} {[%emt 00:00:13]}
15. a3 {[%clk 00:02:30]} {[%emt 00:00:02]} Nc6 {[%clk 00:02:24]} {[%emt
00:00:03]} 16. Qc2 {[%clk 00:02:25]} {[%emt 00:00:07]} Na5 {[%clk 00:02:17]}
{[%emt 00:00:09]} 17. Ra4 {[%clk 00:02:20]} {[%emt 00:00:06]} c6 {[%clk
00:02:17]} {[%emt 00:00:03]} 18. b4 {[%clk 00:02:05]} {[%emt 00:00:17]} b5
{[%clk 00:02:18]} 19. Rxa5 {[%clk 00:02:05]} {[%emt 00:00:02]} Qb6 {[%clk
00:02:09]} {[%emt 00:00:10]} 20. a4 {[%clk 00:01:49]} {[%emt 00:00:18]} Nxb4
{[%clk 00:02:08]} {[%emt 00:00:04]} 21. Qc3 {[%clk 00:01:25]} {[%emt 00:00:26]}
Qxa5 {[%clk 00:02:07]} {[%emt 00:00:03]} 22. axb5 {[%clk 00:01:07]} {[%emt
00:00:20]} cxb5 {[%clk 00:02:01]} {[%emt 00:00:08]} 23. Qb2 {[%clk 00:00:35]}
{[%emt 00:00:33]} Qa2 {[%clk 00:01:54]} {[%emt 00:00:07]} 24. Qxa2 {[%clk
00:00:32]} {[%emt 00:00:08]} Nxa2 {[%clk 00:01:55]} 25. Ra1 {[%clk 00:00:33]}
{[%emt 00:00:02]} Rc1+ {[%clk 00:01:56]} {[%emt 00:00:01]} 26. Rxc1 {[%clk
00:00:32]} {[%emt 00:00:04]} Nxc1 {[%clk 00:01:56]} 27. g4 {[%clk 00:00:17]}
{[%emt 00:00:17]} a5 {[%clk 00:01:55]} {[%emt 00:00:03]} 28. Nb1 {[%clk
00:00:16]} {[%emt 00:00:02]} a4 {[%clk 00:01:51]} {[%emt 00:00:07]} 29. Nfd2
{[%clk 00:00:16]} {[%emt 00:00:01]} a3 {[%clk 00:01:47]} {[%emt 00:00:06]} 0-1